Offshoring and employment in the developing world: the case of Costa Rica /
Gardado en:
| Autor Principal: | |
|---|---|
| Outros autores: | |
| Formato: | Desconocido |
| Idioma: | English |
| Publicado: |
Ginebra, Suiza :
Oficina Internacional del Trabajo,
|
| Series: | Employment Working Paper
n° 4 |
| Acceso en liña: | _ |
| Etiquetas: |
Engadir etiqueta
Sen Etiquetas, Sexa o primeiro en etiquetar este rexistro!
|
MARC
| LEADER | 00000 a2200000 04500 | ||
|---|---|---|---|
| 001 | 40233 | ||
| 003 | |||
| 008 | 050630s2008 sz eng d | ||
| 040 | |||
| 020 | |a 978-92-2-121259-1 | ||
| 090 | |a 1003 E712o | ||
| 100 | |a Ernst, Christoph | ||
| 245 | |a Offshoring and employment in the developing world: |b the case of Costa Rica / |c Christoph Ernst; Diego Sánchez Ancochea | ||
| 260 | |a Ginebra, Suiza : |b Oficina Internacional del Trabajo, | ||
| 300 | |a 41 páginas : tablas, gráficos | ||
| 440 | |a Employment Working Paper |v n° 4 | ||
| 700 | |a Sánchez Ancochea, Diego | ||
| 856 | |u http://www.ilo.org/employment/ |y _ |q PTA | ||
| 999 | |c 3709 |d 3709 | ||



